Dr. S. R. Lasker Library Online Catalogue

Home      Library Home      Institutional Repository      E-Resources      MyAthens      EWU Home

Introducing sociolinguistics / (Record no. 2814)

MARC details
000 -LEADER
fixed length control field 01570nam a2200385 a 4500
001 - CONTROL NUMBER
control field 2814
003 - CONTROL NUMBER IDENTIFIER
control field BD-DhEWU
005 - DATE AND TIME OF LATEST TRANSACTION
control field 20190321020002.0
008 - FIXED-LENGTH DATA ELEMENTS--GENERAL INFORMATION
fixed length control field 100907s2011 enkab g b 001 0 eng d
020 ## - INTERNATIONAL STANDARD BOOK NUMBER
International Standard Book Number 9780415550055 (hb)
International Standard Book Number 041555005X (hb)
International Standard Book Number 9780415550062 (pb)
International Standard Book Number 0415550068
035 ## - SYSTEM CONTROL NUMBER
System control number (OCLC)711836780
040 ## - CATALOGING SOURCE
Original cataloging agency DLC
Transcribing agency DLC
Modifying agency DLC
-- BD-DhEWU
Language of cataloging eng
041 ## - LANGUAGE CODE
Language code of text/sound track or separate title eng
050 00 - LIBRARY OF CONGRESS CALL NUMBER
Classification number P40
Item number .M498 2011
082 00 - DEWEY DECIMAL CLASSIFICATION NUMBER
Classification number 306.44
Item number MEI 2011
Edition number 22
100 1# - MAIN ENTRY--PERSONAL NAME
Personal name Meyerhoff, Miriam.
9 (RLIN) 20954
245 10 - TITLE STATEMENT
Title Introducing sociolinguistics /
Statement of responsibility, etc Miriam Meyerhoff.
250 ## - EDITION STATEMENT
Edition statement 2nd ed.
260 ## - PUBLICATION, DISTRIBUTION, ETC. (IMPRINT)
Place of publication, distribution, etc Abingdon, Oxon ;
-- New York :
Name of publisher, distributor, etc Routledge,
Date of publication, distribution, etc 2011.
300 ## - PHYSICAL DESCRIPTION
Extent xxv, 341 p. :
Other physical details ill., maps ;
Dimensions 25 cm.
504 ## - BIBLIOGRAPHY, ETC. NOTE
Bibliography, etc Includes bibliographical references and index.
505 0# - FORMATTED CONTENTS NOTE
Title TOC
Formatted contents note Introduction to using this book -- Introducing and understanding sociolinguistics -- Variation and style -- Language attitudes -- Being polite as a variable in speech -- Multilingualism and language choice -- Real time and apparent time -- Social class -- Social networks and communities of practice -- Gender -- language contact -- Looking back and looking ahead.
526 ## - STUDY PROGRAM INFORMATION NOTE
Program name English
590 ## - LOCAL NOTE (RLIN)
Local note Sagar Shahanawaz
650 #0 - SUBJECT ADDED ENTRY--TOPICAL TERM
Topical term or geographic name as entry element Sociolinguistics.
9 (RLIN) 20955
856 42 - ELECTRONIC LOCATION AND ACCESS
Materials specified WorldCat Details
Uniform Resource Identifier https://www.worldcat.org/title/introducing-sociolinguistics/oclc/711836780&referer=brief_results
Materials specified Ebook Fulltext
Uniform Resource Identifier http://lib.ewubd.edu/ebook/2810
942 ## - ADDED ENTRY ELEMENTS (KOHA)
Source of classification or shelving scheme Dewey Decimal Classification
Koha item type Text
Koha issues (borrowed), all copies 2
Holdings
Withdrawn status Lost status Source of classification or shelving scheme Damaged status Not for loan Collection code Home library Current library Shelving location Date acquired Source of acquisition Cost, normal purchase price Total Checkouts Full call number Barcode Date last seen Copy number Price effective from Koha item type Date checked out
    Dewey Decimal Classification   Not For Loan Non-fiction Dr. S. R. Lasker Library, EWU Dr. S. R. Lasker Library, EWU Reserve Section 16/07/2017 Karim International 2000.00   306.44 MEI 2011 28389 25/07/2017 C-1 25/07/2017 Text  
    Dewey Decimal Classification     Non-fiction Dr. S. R. Lasker Library, EWU Dr. S. R. Lasker Library, EWU Circulation Section 16/07/2017 Karim International 2000.00   306.44 MEI 2011 28390 25/07/2017 C-2 25/07/2017 Text  
    Dewey Decimal Classification     Non-fiction Dr. S. R. Lasker Library, EWU Dr. S. R. Lasker Library, EWU Circulation Section 16/07/2017 Karim International 2000.00   306.44 MEI 2011 28391 25/07/2017 C-3 25/07/2017 Text  
    Dewey Decimal Classification     Non-fiction Dr. S. R. Lasker Library, EWU Dr. S. R. Lasker Library, EWU Circulation Section 16/07/2017 Karim International 2000.00 2 306.44 MEI 2011 28392 16/09/2019 C-4 25/07/2017 Text 26/08/2019
    Dewey Decimal Classification     Non-fiction Dr. S. R. Lasker Library, EWU Dr. S. R. Lasker Library, EWU Circulation Section 16/07/2017 Karim International 2000.00 1 306.44 MEI 2011 28393 07/05/2024 C-5 25/07/2017 Text 28/04/2024
    Dewey Decimal Classification     Non-fiction Dr. S. R. Lasker Library, EWU Dr. S. R. Lasker Library, EWU E-book 19/12/2017       306.44 MEI 2011   19/12/2017   19/12/2017 E-Book